000 00821cam a22002533a 4500
001 5339
003 PGUSA
005 20140828083118.0
008 040301s2004||||xxu|||||s|||||000 | eng d
040 _aPGUSA
_beng
042 _adc
050 4 _aPT
100 1 _aChamisso, Adelbert von,
_d1781-1838
245 1 0 _aPeter Schlemihl
_h[electronic resource] /
_cAdelbert von Chamisso
260 _bProject Gutenberg,
_c2004
505 0 _aPeter Schlemihl by Adelbert Chamisso -- The Story Without An End by Carode; Tr.: Sarah Austin -- Hymns To Night by Novalis, Tr.: Henry Morley.
506 _aPublic domain in the USA.
516 _aElectronic text
653 _aFables
700 1 _aMorley, Henry,
_d1822-1894
830 0 _aProject Gutenberg
_v5339
856 4 0 _uhttp://www.gutenberg.org/ebooks/5339
942 _cEB
999 _c234668
_d234668